000 00397cam a22001457a 4500
008 180718b1992 xxu||||| |||| 00| 0 eng d
020 _a8170993555
082 _aB73x54 K898
100 _aKrishnan, M.G.
245 _aPanchayati raj in India
_cby M.G. Krishnan
260 _aNew Delhi
_bMittal
_c1992
300 _a149p.
650 _aPanchayati Raj - India
650 _aVillage panchayats - India
999 _c358144
_d358144